[Event "31st Crespi Memorial"]
[Site "Milan ITA"]
[Date "2010.12.07"]
[Round "9"]
[White "Herman,Ma"]
[Black "Tratar,M"]
[Result "1/2-1/2"]
[WhiteElo "2149"]
[BlackElo "2492"]

1.e4 e6 2.d4 d5 3.Nd2 Nc6 4.Ngf3 Nf6 5.e5 Nd7 6.Nb3 Be7 7.Bb5 Ndb8 8.c3 a5
9.a4 b6 10.h4 Ba6 11.Bxa6 Nxa6 12.h5 h6 13.Rh3 Qd7 14.Qe2 Nd8 15.Rg3 Bf8
16.Be3 Nb7 17.Kf1 c5 18.c4 Nb4 19.dxc5 bxc5 20.cxd5 exd5 21.e6 Qxe6 22.Nfd4 cxd4
23.Nxd4 Qa6 24.Nb5 O-O-O 25.Rc1+ Kb8 26.Ba7+ Ka8 27.Nc7+ Kxa7 28.Nxa6 Nxa6
29.Qb5 Nac5 30.b4 axb4 31.a5 Ne6 32.Qb6+ Ka8 33.a6 Nd6 34.Qc6+ Ka7 35.Rb3 Rb8
36.Qd7+ Ka8 37.Qc6+ Ka7 38.Qxd5 Be7 39.Rc6 Rhd8 40.Qe5 Bf6 41.Qe3+ Bd4 42.Qf3  1/2-1/2

[Event "London Chess Classic FIDE Open"]
[Site "London ENG"]
[Date "2010.12.08"]
[Round "1"]
[White "Veznik,Michael"]
[Black "Stone,A ENG"]
[Result "0-1"]
[WhiteElo "1819"]
[BlackElo "2223"]

1.e4 e6 2.d4 d5 3.Nd2 Nc6 4.e5 Nxd4 5.c3 Nc6 6.f4 Bc5 7.Ngf3 Nge7 8.Nb3 Bb6
9.Nfd4 Nxd4 10.Nxd4 Nf5 11.Nxf5 exf5 12.Qf3 O-O 13.Bd2 Be6 14.O-O-O c5 15.Bd3 Qd7
16.h3 d4 17.c4 Bd8 18.g4 Rb8 19.Rdg1 g6 20.gxf5 Bxf5 21.Bxf5 Qxf5 22.h4 h5
23.Qd5 Be7 24.e6 Kh7 25.Re1 Qxd5 26.cxd5 Rbd8 27.Re5 f6 28.d6 Bxd6 29.e7 fxe5
30.exd8=Q Rxd8 31.fxe5 Bxe5 32.Re1 Bf6 33.Bg5 Bxg5+ 34.hxg5 Rd7 35.Kd2 b5
36.Re5 Rc7 37.Rd5 Kg7 38.b4 cxb4 39.Rxb5 Rc3 40.Rb7+ Kf8 41.Rxb4 Ra3 42.Rxd4 Rxa2+
43.Ke3 Ra5 44.Rd7 Rxg5 45.Rxa7 Rf5 46.Ke4 Rf7 47.Ra5 Kg7 48.Rb5 Kh6 49.Rc5 h4
50.Rc8 Kg5 51.Rc5+ Kg4 52.Rc1 Re7+  0-1

[Event "Australian Masters"]
[Site "Canterbury AUS"]
[Date "2010.12.09"]
[Round "6"]
[White "Solomon,SJ"]
[Black "Steadman,M"]
[Result "1/2-1/2"]
[WhiteElo "2397"]
[BlackElo "2285"]

1.e4 e6 2.d4 d5 3.Nd2 Nc6 4.Ngf3 Nf6 5.e5 Nd7 6.Be2 f6 7.exf6 Qxf6 8.Nf1 Bd6
9.Ne3 O-O 10.O-O Qg6 11.g3 Nf6 12.Nh4 Qf7 13.f4 Ne7 14.Bd3 c5 15.dxc5 Bxc5
16.Kg2 b6 17.Bd2 Bb7 18.Ng4 Ne4 19.Ne5 Qe8 20.g4 Nxd2 21.Qxd2 Be3 22.Qe2 Bxf4
23.Rae1 Nc6 24.Nxc6 Bxc6 25.Qxe6+ Qxe6 26.Rxe6 Bd7 27.Bf5 Bxe6 28.Bxe6+ Kh8
29.Bxd5 Rad8 30.c4 b5 31.b3 bxc4 32.bxc4 Be3 33.Nf5 Bc5 34.Rd1 Rb8 35.Rd2 Rb1
36.Re2 Rfb8 37.a4 R8b2 38.Ng3 Bd6 39.Kf3 Rxe2 40.Kxe2 Rb4 41.Nf1 Rxa4 42.h4 g6
43.Nd2 Ra3 44.Ne4 Be7 45.g5 Kg7 46.c5 Bd8 47.c6 Bb6 48.Nc5 Bxc5 49.c7 Re3+
50.Kf1 Re8 51.Be6 h6 52.gxh6+ Kxh6 53.Kg2 a5 54.c8=Q Rxc8 55.Bxc8 Kh5 56.Kh3  1/2-1/2

[Event "Australian Masters"]
[Site "Canterbury AUS"]
[Date "2010.12.10"]
[Round "7"]
[White "Steadman,M"]
[Black "Cheng,Bo"]
[Result "0-1"]
[WhiteElo "2285"]
[BlackElo "2316"]

1.d4 e6 2.e4 d5 3.Nd2 Nc6 4.Ngf3 Nf6 5.e5 Nd7 6.c3 f6 7.Bb5 a6 8.Bxc6 bxc6
9.O-O c5 10.Qa4 Rb8 11.Re1 Rb6 12.Nb3 cxd4 13.Nbxd4 c5 14.Ne2 fxe5 15.Nxe5 Bd6
16.Ng3 O-O 17.Nf3 Qf6 18.Qc2 e5 19.Bg5 Qf7 20.Rf1 e4 21.Nd2 Qg6 22.Be3 Ne5
23.b4 Ng4 24.Bxc5 Bxc5 25.bxc5 Rbf6 26.c4 Rxf2 27.Rxf2 Rxf2 28.Qc3 Qh6 29.Ndf1 Qf4
30.cxd5 e3 31.Re1 Rxg2+  0-1

[Event "London Chess Classic FIDE Open"]
[Site "London ENG"]
[Date "2010.12.13"]
[Round "7"]
[White "Jones,Chris S"]
[Black "Seymour,T"]
[Result "0-1"]
[WhiteElo "1848"]
[BlackElo "2052"]

1.e4 e6 2.d4 d5 3.Nd2 Be7 4.Ngf3 Nf6 5.e5 Nfd7 6.c3 c5 7.Be2 Nc6 8.O-O Qb6
9.Qb3 Qxb3 10.Nxb3 b6 11.Bb5 Bb7 12.Be3 a6 13.Bxc6 Bxc6 14.a4 a5 15.Rfc1 f6
16.exf6 gxf6 17.Bf4 Kf7 18.Re1 Rac8 19.Re2 Rhe8 20.Bg3 Bf8 21.Kf1 Bb7 22.Kg1 cxd4
23.Nfxd4 e5 24.Nf5 Ba6 25.Ree1 Nc5 26.Nxc5 bxc5 27.Ne3 Red8 28.Ng4 h5 29.Nxe5+ fxe5
30.Rxe5 d4 31.cxd4 cxd4 32.Rxa5 Be2 33.Ra7+ Kg6 34.f4 Bc5 35.Ra5 d3+ 36.Bf2 Bxf2+
37.Kxf2 d2 38.Kxe2 Rc1 39.f5+ Kf7 40.Ra7+ Kf8  0-1

[Event "Bansko Grand Chess Open"]
[Site "Bansko BUL"]
[Date "2010.12.14"]
[Round "2.16"]
[White "Zaslavsky,M"]
[Black "Yakimenko,Alex"]
[Result "1-0"]
[WhiteElo "2424"]
[BlackElo "2194"]

1.e4 e6 2.d4 d5 3.Nd2 Nc6 4.Ngf3 Nf6 5.e5 Nd7 6.Nb3 a5 7.a4 Be7 8.Bb5 Nb4
9.c3 c6 10.cxb4 Bxb4+ 11.Bd2 cxb5 12.axb5 Bxd2+ 13.Qxd2 b6 14.O-O O-O 15.Rfc1 Nb8
16.Qd3 Bd7 17.Nbd2 h6 18.Nb1 Ra7 19.Nc3 Qe7 20.Rc2 Rd8 21.Nd2 Be8 22.Ndb1 Rc7
23.Na3 Rdc8 24.Rac1 Qd8 25.f4 Nd7 26.Rf1 Nf8 27.f5 exf5 28.Qxf5 Ne6 29.Rd2 Rxc3
30.bxc3 Rxc3 31.Rd3 Qc7 32.Rfd1 Bd7 33.Qf1 Nxd4 34.Rxd4 Rxa3 35.Rxd5 Be6
36.Rc1 Rc3 37.Rxc3 Qxc3 38.Rd8+ Kh7 39.Qd3+ Qxd3 40.Rxd3 Bc4 41.Rd6 Bxb5
42.Rxb6 Bc4 43.Rc6 Bb3 44.Kf2 a4 45.Ra6 h5 46.Kg3 Kg8 47.Kh4 g6 48.Kg5 Kg7
49.Ra7 Kh7 50.Kf6 Kg8 51.g3 Kh7 52.Ra8 a3 53.Rxa3 Be6 54.Ra8 Bd5 55.Rf8  1-0

[Event "London Chess Classic FIDE Open"]
[Site "London ENG"]
[Date "2010.12.14"]
[Round "8"]
[White "Haydon,D"]
[Black "Prosviriakov,V"]
[Result "1/2-1/2"]
[WhiteElo "2218"]
[BlackElo "2280"]

1.e4 e6 2.d4 d5 3.Nd2 Be7 4.Ngf3 Nf6 5.Bd3 b6 6.Qe2 dxe4 7.Nxe4 Bb7 8.O-O Nxe4
9.Bxe4 Bxe4 10.Qxe4 Nd7 11.Bf4 O-O 12.c4 Bd6 13.Bd2 a5 14.a3 a4 15.Bc3 Re8
16.Rad1 Nf8 17.c5 Be7 18.d5 exd5 19.Rxd5 Qc8 20.cxb6 cxb6 21.Qd3 Ne6 22.Qf5 Nc5
23.Qf4 Qe6 24.Rfd1 Rad8 25.Rxd8 Rxd8 26.Rxd8+ Bxd8 27.g3 h6 28.Nd4 Qe4 29.Qb8 Qb1+
30.Kg2 Qe4+ 31.Kg1  1/2-1/2

[Event "17th Open A"]
[Site "Zadar CRO"]
[Date "2010.12.14"]
[Round "4.7"]
[White "Papp,Ga"]
[Black "Sedlak,N"]
[Result "1-0"]
[WhiteElo "2526"]
[BlackElo "2546"]

1.e4 e6 2.d4 d5 3.Nd2 Be7 4.Bd3 c5 5.dxc5 Nf6 6.Qe2 O-O 7.Ngf3 a5 8.O-O Na6
9.e5 Nd7 10.c4 Naxc5 11.Bc2 b6 12.b3 Bb7 13.Bb2 a4 14.Nd4 axb3 15.axb3 Qc8
16.f4 Rxa1 17.Bxa1 dxc4 18.Nxc4 Bd5 19.f5 Bxc4 20.bxc4 Bg5 21.h4 Bh6 22.g4 g6
23.g5 Bg7 24.f6 Bh8 25.h5 Rd8 26.hxg6 hxg6 27.Rf3 Qa8 28.Bc3 Qa3 29.Nc6 Qc1+
30.Kh2 Ra8 31.Rh3 Bg7 32.fxg7 Kxg7 33.Qf2 Rc8 34.Qf6+  1-0

[Event "Bansko Grand Chess Open"]
[Site "Bansko BUL"]
[Date "2010.12.15"]
[Round "4.21"]
[White "Nikolova,A"]
[Black "Yakimenko,Alex"]
[Result "1-0"]
[WhiteElo "2328"]
[BlackElo "2194"]

1.e4 e6 2.d4 d5 3.Nd2 Nc6 4.Ngf3 Nf6 5.e5 Nd7 6.Nb3 a5 7.a4 Be7 8.Bb5 Nb4
9.c3 c6 10.Be2 Na6 11.Bf4 c5 12.Qc2 b6 13.h4 h6 14.g4 Bb7 15.g5 hxg5 16.Nxg5 Nc7
17.Rg1 Nf8 18.h5 c4 19.Nd2 Qd7 20.Nf1 Bc6 21.Bd1 Rg8 22.Qe2 Bxg5 23.Bxg5 f5
24.Ne3 Qf7 25.b3 cxb3 26.Bxb3 f4 27.Nf1 Kd7 28.Qg4 Nh7 29.Bxf4 Raf8 30.Be3 Nf6
31.Qg6 Nxh5 32.Qxf7+ Rxf7 33.Bc2 Rff8 34.Bg6 Nf4 35.Bh7 Rh8 36.Rxg7+ Kc8
37.Bc2 Rh1 38.O-O-O Ne8 39.Rg4 Ne2+ 40.Kd2 Ng1 41.Kc1 Nf3 42.Nd2 Rh2 43.Nxf3 Rxf3
44.Rdg1 Rf8 45.R4g2 Rh3 46.Bd1 Bd7 47.Rg8 Rh8 48.Rxf8 Rxf8 49.Kd2 Kc7 50.Bb3 Rf7
51.c4 dxc4 52.Bxc4 Ng7 53.d5 Bxa4 54.d6+ Kc6 55.Rc1 Kb7 56.Rb1 Bd7 57.Rxb6+ Ka8
58.Bd3 Nf5 59.Be4+ Ka7 60.Bc5 a4 61.Rb7+ Ka6 62.Bc6 Bxc6 63.Rxf7 Kb5 64.Ba3 Nh6
65.Rf6 Ng4 66.Rxe6 Nxf2 67.Re7 Kb6 68.Ke3 Ng4+ 69.Kd4 Nh6 70.Rh7 Nf5+ 71.Kc3 Ng3
72.e6 Ne4+ 73.Kd4 Ng5 74.Re7 Nf3+ 75.Kc3 Ng5 76.d7 Ne4+ 77.Kd4 Kc7 78.Re8  1-0

[Event "2nd Balkan Grand Prix Final"]
[Site "Belgrade SRB"]
[Date "2010.12.15"]
[Round "3"]
[White "Radulski,J"]
[Black "Drasko,M"]
[Result "1/2-1/2"]
[WhiteElo "2606"]
[BlackElo "2479"]

1.e4 e6 2.d4 d5 3.Nd2 Be7 4.Ngf3 Nf6 5.e5 Nfd7 6.Bd3 c5 7.c3 b6 8.O-O Ba6
9.Bxa6 Nxa6 10.Qe2 Nc7 11.b3 O-O 12.Bb2 a5 13.a4 Nb8 14.c4 Nc6 15.Rfd1 Qc8
16.Nf1 Qa6 17.Ng3 Rfd8 18.Nh5 Ne8 19.Rac1 dxc4 20.bxc4 cxd4 21.Nxd4 Nxd4
22.Rxd4 Rxd4 23.Bxd4 Rc8 24.Ng3 Qb7 25.Qe4 Qxe4 26.Nxe4 Rc6 27.Kf1 f5 28.Nd2 Nc7
29.Ke2 Na6 30.f4 Kf7 31.Nb3 Ba3 32.Rc3 Nb4 33.Nxa5 bxa5 34.Rxa3 Rxc4 35.Bb6 Re4+
36.Kd2 Nd5 37.Bxa5 Rxf4 38.Bc3 Rf2+ 39.Kd3 Rxg2 40.a5 Rxh2 41.a6 Rh3+ 42.Kc4 f4
43.a7 f3 44.Ra2 Nxc3 45.a8=Q Nxa2 46.Qxa2 Rh5 47.Kd4 Rf5 48.Qf2 g5 49.Ke4 Kg6
50.Qa2 Rf4+ 51.Ke3 f2 52.Qxe6+ Kg7 53.Qe7+ Kg6 54.Qe8+ Kg7 55.Qe7+ Kg6 56.Qe8+  1/2-1/2

[Event "48th ch-IND"]
[Site "New Delhi IND"]
[Date "2010.12.15"]
[Round "7"]
[White "Ramakrishna,J"]
[Black "Kamble,V"]
[Result "1/2-1/2"]
[WhiteElo "2253"]
[BlackElo "2374"]

1.e4 e6 2.d4 d5 3.Nd2 Nc6 4.Ngf3 Nf6 5.e5 Nd7 6.c3 f6 7.exf6 Qxf6 8.Bb5 Bd6
9.Nf1 Nf8 10.Ne3 Bd7 11.Ng4 Qg6 12.h3 O-O-O 13.Bxc6 Bxc6 14.O-O Bb5 15.Re1 h6
16.b3 Qf5 17.Nge5 g5 18.c4 dxc4 19.bxc4 Be8 20.Qb3 c5 21.Rb1 Rh7 22.Ba3 Ng6
23.Bxc5 Nxe5 24.Nxe5 Bxc5 25.dxc5 Rd2 26.Qe3 Qf4 27.a3 Rd4 28.Qc3 Rc7 29.Re3 Re4
30.Rxe4 Qxe4 31.Re1 Qh7 32.c6 Bxc6 33.Qd4 b6 34.c5 bxc5 35.Qxc5 Bd5 36.Qf8+ Kb7
37.Qb4+ Ka8 38.Qd6 Qc2 39.Qf8+ Rc8 40.Qxh6 Qd2 41.Rf1 Rb8 42.Qf6 Rc8 43.Nf3 Qd3
44.Nxg5 Qxa3 45.Nxe6 Qd6 46.Re1 Rg8 47.g4 Rc8 48.Qd4 Qc6 49.Ra1 a6 50.Rxa6+ Qxa6
51.Qxd5+ Kb8 52.Kg2 Qb6 53.Nd4 Rc5 54.Qb3 Qxb3 55.Nxb3 Rd5 56.Nc1 Kc7 57.Ne2 Kd6
58.Kg3 Ke5 59.h4 Rd2 60.Nf4 Ke4 61.h5 Ra2 62.f3+ Ke5 63.Ng6+ Kf6 64.Nf4 Ra1
65.Nh3 Ra3 66.Nf2 Ke5 67.Ne4 Ra1 68.Nf2 Rg1+ 69.Kh2 Ra1 70.Nh3 Ra2+ 71.Kg3 Ra3
72.Ng5 Rb3 73.Ne4 Rb6 74.g5 Kf5 75.h6 Rb1 76.Kf2 Rb2+ 77.Kg3 Rb1 78.Kg2 Rb2+
79.Kh3 Rb1 80.Kh4 Rh1+ 81.Kg3 Rb1  1/2-1/2

[Event "48th ch-IND"]
[Site "New Delhi IND"]
[Date "2010.12.17"]
[Round "8"]
[White "Matta,V"]
[Black "Sharma,Di"]
[Result "0-1"]
[WhiteElo "2274"]
[BlackElo "2371"]

1.e4 e6 2.d4 d5 3.Nd2 a6 4.Ngf3 Nf6 5.e5 Nfd7 6.Bd3 c5 7.c3 Nc6 8.O-O g5
9.dxc5 g4 10.Nd4 Ndxe5 11.N2b3 Nxd3 12.Qxd3 e5 13.Nxc6 bxc6 14.f4 e4 15.Qd4 f6
16.Be3 a5 17.Nd2 Be7 18.b4 Kf7 19.f5 axb4 20.cxb4 Ra3 21.Nb3 Ba6 22.Rf4 Qa8
23.Bc1 Ra4 24.a3 h5 25.Bb2 Qb8 26.g3 Qb5 27.Re1 Qd3 28.Qxd3 Bxd3 29.Nd4 Ra6
30.h3 Bf8 31.hxg4 Bh6 32.Rf2 Rg8 33.Rh2 Rxg4 34.Rxh5 Bd2 35.Re2 Bxe2 36.Nxe2 Be3+
37.Kg2 Ra8 38.Rh3 d4 39.Bxd4 Rxa3 40.Bxe3 Rxe3 41.Nd4 Rd3 42.Nxc6 Rd2+ 43.Kf1 e3
44.Rh7+ Kf8 45.Rh8+ Kg7 46.Re8 Rxg3 47.b5  0-1

[Event "7th UTD GM"]
[Site "Richardson USA"]
[Date "2010.12.17"]
[Round "2"]
[White "Panchanathan,M"]
[Black "Bercys,S"]
[Result "1/2-1/2"]
[WhiteElo "2546"]
[BlackElo "2447"]

1.e4 e6 2.d4 d5 3.Nd2 Be7 4.Bd3 c5 5.dxc5 Nf6 6.Qe2 O-O 7.Ngf3 a5 8.O-O Na6
9.Bb5 Nxc5 10.e5 Nfd7 11.Rd1 f6 12.exf6 Bxf6 13.Nf1 Qc7 14.c4 dxc4 15.Qxc4 Nb6
16.Qc2 Nd5 17.Ng5 Bxg5 18.Bxg5 b6 19.Ne3 Bb7 20.Nxd5 Bxd5 21.f3 Qe5 22.Qd2 a4
23.Re1 Qf5 24.Qe3 Ra5 25.Bf1 Ra7 26.Bh4 Qc2 27.Qc3 Qg6 28.Bg3 Rc8 29.Re3 Raa8
30.Qb4 Nd7 31.Rc3 Rxc3 32.bxc3 Qf6 33.Re1 Bxa2 34.Qd6 Qf7 35.c4 Nc5 36.Qxb6 Qa7
37.Qxa7 Rxa7 38.Bd6 Ra5 39.Re5 Nb7 40.f4 Rxe5 41.Bxe5 a3 42.Kf2 Na5 43.Bd6 Nxc4
44.Bxc4  1/2-1/2

[Event "European Rapid Championship"]
[Site "Warsaw POL"]
[Date "2010.12.18"]
[Round "3"]
[White "Barski,R"]
[Black "Stupak,K"]
[Result "0-1"]
[WhiteElo "2278"]
[BlackElo "2530"]

1.e4 e6 2.d4 d5 3.Nd2 Be7 4.Bd3 c5 5.dxc5 Nf6 6.Qe2 a5 7.Ngf3 Na6 8.e5 Nd7
9.c3 Naxc5 10.Bb5 O-O 11.O-O b6 12.Nd4 Qc7 13.N2f3 Ne4 14.Bf4 Bb7 15.h3 a4
16.a3 Nec5 17.Rac1 Rfd8 18.c4 Nf8 19.Bh2 Ng6 20.Rfd1 Bf8 21.h4 h6 22.h5 Ne7
23.cxd5 Bxd5 24.Bd3 Qb7 25.Bb1 Rac8 26.Rc3 Ne4 27.Re3 Bc4 28.Qe1 Nc5 29.Rc3 b5
30.Nh4 Bd5 31.Qe2 b4 32.Re3 bxa3 33.bxa3 Bb3 34.Rd2 Ne4 35.Bxe4 Rc1+ 36.Rd1 Rxd1+
37.Qxd1 Bxd1 38.Bxb7 Rxd4 39.Bg3 Bxh5 40.Nf3 Rd1+ 41.Kh2 Nf5 42.Rc3 Nxg3
43.Kxg3 Ra1 44.Bc6 Rxa3 45.Rc4 g5 46.Rxa4 Rxa4 47.Bxa4 Bg7 48.Bc6 Bg6 49.Bb7 Kf8
50.Bc6 Ke7 51.Kg4 Kd8 52.g3 Kc7 53.Ba4 Kb6 54.Nd4 Bxe5 55.Nc6 f5+ 56.Kf3 Bf6
57.Ke3 Be8 58.Bb3 Bxc6 59.Bxe6 Be4 60.g4 Bb1 61.gxf5 Kc5 62.f4 g4 63.Kf2 Bh4+
64.Kg2 Be4+ 65.Kg1 g3 66.Bc8 Bf6 67.Ba6 Bd4+  0-1

[Event "European Rapid Championship"]
[Site "Warsaw POL"]
[Date "2010.12.18"]
[Round "5"]
[White "Bronnikova,E"]
[Black "Stupak,K"]
[Result "1-0"]
[WhiteElo "2270"]
[BlackElo "2530"]

1.e4 e6 2.d4 d5 3.Nd2 Nc6 4.Bb5 a6 5.Bxc6+ bxc6 6.Ngf3 Nf6 7.e5 Nd7 8.O-O c5
9.c3 a5 10.a4 cxd4 11.cxd4 c5 12.Nb3 Ba6 13.Re1 Qb6 14.Bd2 Bc4 15.Re3 Be7
16.Rc3 O-O 17.Be3 cxd4 18.Bxd4 Qb8 19.Nbd2 Bb4 20.Rcc1 Ba6 21.Rc6 Rc8 22.Rac1 Qb7
23.Qc2 Rxc6 24.Qxc6 Rc8 25.Qxc8+ Qxc8 26.Rxc8+ Bxc8 27.Nb3 Ba6 28.Nfd2 f6
29.f4 Kf7 30.Kf2 fxe5 31.fxe5 Nb8 32.Bb6 Nc6 33.Nf3 Bc4 34.Nbd4 Nb8 35.Ng5+ Ke7
36.Ngxe6 Nd7 37.Bd8+ Ke8 38.Bc7 g6 39.Nc6 Nc5 40.Nxb4 Nxe6 41.Bxa5 Bb3 42.Bb6 Bxa4
43.Nxd5 Kd7 44.Nf6+ Kc6 45.Be3 h5 46.Ke2 Bb5+ 47.Kf3 Bd3 48.g4 hxg4+ 49.Kxg4 Be2+
50.Kg3 Bd3 51.Kf2 Bf5 52.Ke2 Nd8 53.Kd2 Nf7 54.Bf4 Nd8 55.Kc3 Ne6 56.Be3 Bb1
57.Kb4 Bf5 58.Ka5 Bd3 59.b4 Bb5 60.Nd5 Bd3 61.Nc3 Nc7 62.Bb6 Ne6 63.b5+ Kb7
64.Be3 Nc7 65.Kb4 Ne6 66.h4 Kc7 67.Nd5+ Kd7 68.Ka5 Nd8 69.Kb6 Nf7 70.Bf4 Nd8
71.Nc7 Be2 72.Bg5 Ne6 73.Nxe6 Kxe6 74.Kc6  1-0

[Event "European Rapid Championship"]
[Site "Warsaw POL"]
[Date "2010.12.18"]
[Round "7"]
[White "Vovk,A"]
[Black "Kuraszkiewicz,M"]
[Result "1-0"]
[WhiteElo "2546"]
[BlackElo "2325"]

1.e4 e6 2.d4 d5 3.Nd2 Be7 4.Ngf3 Nf6 5.Bd3 c5 6.dxc5 O-O 7.Qe2 a5 8.a4 Na6
9.e5 Nd7 10.O-O Naxc5 11.Bb5 Qc7 12.Re1 b6 13.Nd4 Bb7 14.Ra3 Ne4 15.Rh3 Nxe5
16.Nxe4 dxe4 17.Qh5 h6 18.Bxh6 g6 19.Qe2 Rfd8 20.c3 Bf6 21.Qe3 Ng4 22.Bg5 Qe5
23.Bxf6 Qxf6 24.Qg3 Ne5 25.Rh4 Rac8 26.Rf4 Qg7 27.Rh4 Rc5 28.h3 Nd3 29.Rb1 Qf6
30.Rg4 e5 31.Ne2 Kg7 32.Qe3 Qe6 33.Rh4 Rh8 34.Rxh8 Kxh8 35.Rd1 Kg7 36.Bxd3 exd3
37.Rxd3 Qc6 38.f3 Qxa4 39.Ng3 Qf4 40.Qf2 Bc6 41.Rd8 a4 42.Ne2 Qf6 43.Rd1 Bb5
44.Ng3 Bc6 45.Qe3 a3 46.bxa3 e4 47.Nxe4 Bxe4 48.Qxe4 Rxc3 49.a4 Rb3 50.Rb1 Rxb1+
51.Qxb1 Qd4+ 52.Kh1 Kg8 53.Qe4 Qd6 54.h4 Qd1+ 55.Kh2 Qd6+ 56.Kh3 Qc5 57.Kg3 Qd6+
58.Qf4 Qc5 59.Qf6 Qa5 60.Qd8+ Kg7 61.Qd4+ Kg8 62.Qe4 Qc5 63.Qf4 Qa5 64.Kh3 Qc5
65.Qe4 Qc8+ 66.Qg4 Qc1 67.Qd4 Qc8+ 68.g4 Qc6 69.Kg3 Qc7+ 70.Qf4 Qc5 71.Qe4 Qd6+
72.Kh3 Qc5 73.Kg2 Qa5 74.Qd4 b5 75.axb5 Qxb5 76.Kg3 Qb8+ 77.Qf4 Qb6 78.h5 Qe6
79.hxg6 fxg6 80.Qb8+ Kg7 81.Qc7+ Kg8 82.Kf4 Qf6+ 83.Ke4 Qa6 84.Qd8+ Kg7 85.Qd7+ Kh6
86.Qd2+ Kg7 87.Qd4+ Kh7 88.Kf4 Qc6 89.g5 Qc1+ 90.Qe3 Qc7+ 91.Qe5 Qc1+ 92.Kg4 Qg1+
93.Qg3 Qd4+ 94.Qf4 Qg1+ 95.Kh3 Qf1+ 96.Kg4 Qg1+ 97.Qg3 Qd4+ 98.Kh3 Qd7+ 99.Qg4 Qd3
100.Kg3 Qd6+ 101.Qf4 Qd3 102.Qf7+ Kh8 103.Qe8+ Kh7 104.Qe7+ Kh8 105.Kf4 Qf5+
106.Ke3 Qb1 107.Qd8+ Kh7 108.Qd7+ Kh8 109.Qd3 Qg1+ 110.Kf4 Qh2+ 111.Ke4 Qh4+
112.f4 Qh1+ 113.Ke5 Qc6 114.Qd8+ Kh7 115.Qe7+ Kg8 116.Qe6+  1-0

[Event "European Rapid Championship"]
[Site "Warsaw POL"]
[Date "2010.12.19"]
[Round "9"]
[White "Mickiewicz,P"]
[Black "Piorun,K"]
[Result "1/2-1/2"]
[WhiteElo "2344"]
[BlackElo "2513"]

1.e4 e6 2.d4 d5 3.Nd2 Be7 4.Bd3 Nf6 5.e5 Nfd7 6.c3 c5 7.Ne2 b6 8.Nf3 Ba6
9.h4 Bxd3 10.Qxd3 Nc6 11.h5 h6 12.Rh3 Qc7 13.a3 c4 14.Qc2 b5 15.Rg3 Bf8 16.Nf4 Nb6
17.Nh4 Kd7 18.Nhg6 fxg6 19.Rxg6 Re8 20.Rxe6 Rxe6 21.Qf5 Nd8 22.Ng6 Bd6 23.Nxh8 Bxe5
24.dxe5 Qxe5+ 25.Qxe5 Rxe5+ 26.Kf1 Rxh5 27.Kg1 d4 28.cxd4 Nc6 29.Be3 Nd5
30.Ng6 Rf5 31.g4 Rf6 32.Nh4 Nce7 33.Kg2 Re6 34.Re1 Nf4+ 35.Kg3 Nd3 36.Re2 Nd5
37.Nf5 g5 38.Rd2 Nf6 39.Kf3 Ne4 40.Re2 Nd6 41.d5 Rf6 42.Bd4 Rf7 43.Re6 Nxf5
44.gxf5 Rxf5+ 45.Ke4 Rf4+ 46.Ke3 Nxf2 47.Bc5 Ng4+ 48.Ke2 Rf5 49.Rd6+ Kc7
50.Rc6+ Kb7 51.Rd6 Nf6 52.Bb4 Nxd5 53.Rxh6 Nxb4 54.axb4 Rd5 55.Rg6 a6 56.Rg7+ Kc6
57.Rg6+ Kd7 58.Rxa6 Ke7 59.Rb6 Kf7 60.Kf3 Ke7 61.Ke4  1/2-1/2

[Event "European Rapid Championship"]
[Site "Warsaw POL"]
[Date "2010.12.19"]
[Round "12"]
[White "Ponomariov,R"]
[Black "Bartel,Mat"]
[Result "1/2-1/2"]
[WhiteElo "2744"]
[BlackElo "2617"]

1.e4 e6 2.d4 d5 3.Nd2 a6 4.Bd3 c5 5.dxc5 Bxc5 6.Ngf3 Nf6 7.O-O Nc6 8.a3 Ba7
9.exd5 exd5 10.Re1+ Be6 11.Nb3 O-O 12.Be3 Bb8 13.h3 Ne4 14.Nc5 Bf5 15.Bxe4 Bxe4
16.Nxe4 dxe4 17.Qxd8 Rxd8 18.Bb6 Re8 19.Rad1 f5 20.Nd2 Be5 21.Nc4 Re7 22.Rd5 Rae8
23.Red1 g6 24.Bc5 Re6 25.Rd7 b5 26.Nxe5 Nxe5 27.Rc7 f4 28.Kf1 g5 29.Rd5 h5
30.Bd4 g4 31.Rcc5 gxh3 32.Kg1 e3 33.fxe3 Ng6 34.Rd7 R6e7 35.Rd6 Re6 36.Rd7 R6e7
37.Rxe7 Rxe7 38.Rg5 Kf7 39.exf4 Re1+ 40.Kh2 hxg2 41.Rxg2 Nxf4 42.Rf2  1/2-1/2

[Event "European Rapid Championship"]
[Site "Warsaw POL"]
[Date "2010.12.19"]
[Round "13"]
[White "Najbar,Mar"]
[Black "Kuraszkiewicz,M"]
[Result "0-1"]
[WhiteElo "2210"]
[BlackElo "2325"]

1.e4 e6 2.d4 d5 3.Nd2 Be7 4.Bd3 c5 5.dxc5 Nf6 6.exd5 exd5 7.Ngf3 O-O 8.O-O Nbd7
9.Nb3 Nxc5 10.Nxc5 Bxc5 11.h3 Qb6 12.c3 Ne4 13.Nd4 Bxd4 14.cxd4 Qxd4 15.Bc2 Qxd1
16.Rxd1 Be6 17.Be3 Rfd8 18.Bb3 b6 19.Rac1 h6 20.f3 Ng3 21.Kh2 Nf5 22.Bf2 d4
23.g4 Bxb3 24.axb3 Ne3 25.Rd3 Kf8 26.Kg3 g6 27.Bxe3 dxe3 28.Rxe3 Rd7 29.Rc2 Re8
30.Kf2 Rxe3 31.Kxe3 Ke7 32.h4 Ke6 33.h5 gxh5 34.gxh5 Kf5 35.Rg2 Re7+ 36.Kd4 Kf4
37.Rg7 Rd7+ 38.Kc4 Kxf3 39.Rh7 Kg4 40.Rxh6 f5 41.Rh8 Kg5 42.h6 Kg6 43.Rf8 Rh7
44.Kd5 Rxh6 45.Ke5 Rh2 46.Rg8+ Kf7 47.Ra8 Rxb2 48.Rxa7+ Kg6 49.Ra3 Kg5 50.Kd4 Kg4
51.Kc3 Rh2 52.Ra8 Kf3 53.Rf8 f4 54.Rf6 b5 55.Rf5 Ke4 56.Rxb5 f3 57.Rb8 f2
58.Rf8 Rh3+ 59.Kc4 Rf3 60.Re8+ Kf4 61.Rf8+ Kg4 62.Rg8+ Kh5 63.Rh8+ Kg6 64.Rh1 f1=Q+
65.Rxf1 Rxf1 66.b4 Kf6 67.Kc5 Ke7 68.Kc6 Kd8  0-1

[Event "7th UTD GM"]
[Site "Richardson USA"]
[Date "2010.12.20"]
[Round "8"]
[White "Wang Puchen"]
[Black "Ramirez,Alej"]
[Result "0-1"]
[WhiteElo "2468"]
[BlackElo "2577"]

1.e4 e6 2.d4 d5 3.Nd2 Be7 4.Bd3 c5 5.dxc5 Nf6 6.Qe2 O-O 7.Ngf3 a5 8.O-O Na6
9.e5 Nd7 10.c4 Ndxc5 11.Bb1 Nc7 12.cxd5 exd5 13.Nb3 b6 14.Nxc5 bxc5 15.h3 Ba6
16.Qc2 g6 17.Rd1 d4 18.Bh6 Re8 19.a3 Bb7 20.Qd3 Bd5 21.Bc2 Ne6 22.Bb3 Rb8
23.Bxd5 Qxd5 24.Qc2 c4 25.Rac1 Rec8 26.b3 Bxa3 27.bxc4 Bxc1 28.Rxc1 Qd8 29.Nd2 Qh4  0-1

[Event "19th Donau Open"]
[Site "Aschach AUT"]
[Date "2010.12.27"]
[Round "2"]
[White "Gantar,J"]
[Black "Jurek,J"]
[Result "1/2-1/2"]
[WhiteElo "2134"]
[BlackElo "2354"]

1.e4 e6 2.d4 d5 3.Nd2 Be7 4.Ngf3 Nf6 5.e5 Nfd7 6.Bd3 c5 7.c3 Nc6 8.O-O a5
9.a4 Qb6 10.dxc5 Nxc5 11.Bb5 O-O 12.Nb3 Nxb3 13.Qxb3 f6 14.exf6 Rxf6 15.Bg5 Rxf3
16.Bxe7 Rf5 17.Bh4 Na7 18.Bc4 Qxb3 19.Bxb3 Bd7 20.Bg3 Nc8 21.Rfe1 Nb6 22.Bc2 Rf7
23.b3 Rc8  1/2-1/2

[Event "Amitan Memorial"]
[Site "Donetsk UKR"]
[Date "2010.12.27"]
[Round "11"]
[White "Kutsyj,A"]
[Black "Petrov,Ar"]
[Result "1/2-1/2"]
[WhiteElo "2305"]
[BlackElo "2393"]

1.e4 e6 2.d4 d5 3.Nd2 Be7 4.Ngf3 Nf6 5.Bd3 c5 6.dxc5 dxe4 7.Nxe4 Nxe4 8.Bxe4 Qxd1+
9.Kxd1 Bxc5 10.Ke2 Nd7 11.Be3 Bxe3 12.Kxe3 Nc5 13.Nd2 Nxe4 14.Nxe4 Ke7 15.Rhd1 Rd8
16.Rxd8 Kxd8 17.Nd6 Ke7 18.Nxc8+ Rxc8 19.Rc1 e5 20.c4 Ke6 21.b3 Rd8 22.f3 f5
23.Ke2 Rd4 24.Rc3 g6 25.Rd3 Rxd3 26.Kxd3 a5 27.a3 Kd6 28.Kc3 Kc6 29.b4 axb4+
30.axb4 Kd6 31.Kd3 Kc6  1/2-1/2

[Event "North American Open"]
[Site "Las Vegas USA"]
[Date "2010.12.27"]
[Round "2"]
[White "Friedel,J"]
[Black "Rubsamen,C"]
[Result "1-0"]
[WhiteElo "2505"]
[BlackElo "2233"]

1.e4 e6 2.d4 d5 3.Nd2 Be7 4.Ngf3 Nf6 5.Bd3 c5 6.e5 Nfd7 7.c3 Nc6 8.O-O a5
9.Re1 cxd4 10.cxd4 Qb6 11.Nb1 Nxd4 12.Nxd4 Qxd4 13.Nc3 Qb6 14.Nb5 O-O 15.Be3 Bc5
16.Rc1 Bxe3 17.Rxe3 f5 18.Bf1 Rb8 19.Rc7 Rd8 20.Qh5 g6 21.Qh4 Re8 22.Rh3  1-0

[Event "Czech Chess Christmas 2010-11"]
[Site "Litomysl CZE"]
[Date "2010.12.28"]
[Round "3.8"]
[White "Olsarova,K"]
[Black "Strebkovs,A"]
[Result "1/2-1/2"]
[WhiteElo "2202"]
[BlackElo "2329"]

1.e4 e6 2.d4 d5 3.Nd2 Be7 4.Ngf3 Nf6 5.Bd3 c5 6.e5 Nfd7 7.c4 cxd4 8.cxd5 exd5
9.O-O Nc6 10.Re1 Qc7 11.Nb3 Nc5 12.Nxc5 Bxc5 13.Bf4 Bb4 14.Re2 Bg4 15.Rc2 Qd7
16.a3 Be7 17.Rac1 O-O 18.h3 Bh5 19.g4 Bg6 20.Bxg6 hxg6 21.Nxd4 Rac8 22.Nb5 a6
23.Nc3 d4 24.Rd2 Rcd8 25.Rd3 Qe6 26.Ne2 Qd5 27.Nc3 Qe6 28.Ne2 f6 29.exf6 Bxf6
30.Bg3 Be5 31.f4 Bb8 32.Qd2 Rfe8 33.Re1 Qf6 34.Bf2 Re4 35.Kg2 Bxf4 36.Nxf4 Qxf4
37.Qxf4 Rxf4 38.Bg3 Rf7 39.Re6 Kh7 40.Bf2 Rd5 41.Re2 Rfd7 42.Red2 Kg8 43.Kg3 Kf7
44.Kf4 Ke6 45.Ke4 Re5+ 46.Kf3 Rb5 47.Ke4 g5 48.Bg3 Rf7 49.Bh2 Rf1 50.Bg3 Rb1
51.b4 Rf1 52.Bf2 Re5+ 53.Kf3 Ra1 54.Bxd4 Nxd4+ 55.Rxd4 Rxa3+ 56.Kg2 Ree3
57.Rd6+ Kf7 58.Rd7+ Kg6 59.Rxb7 Rg3+ 60.Kf2 Rxh3 61.Rd6+ Kh7 62.Rdd7 Ra2+
63.Kg1 Rg3+ 64.Kf1 Rxg4 65.Rxg7+ Kh6 66.Rgf7 Rc4 67.Rf2 Ra1+ 68.Kg2 Rg4+
69.Kf3 Rf4+ 70.Kg2 Rg4+ 71.Kf3 Rgg1 72.Rb6+ Kg7 73.Ke4 g4 74.Rc2 Rae1+ 75.Kf4 Re7
76.Rxa6 g3 77.Rac6 Rf7+ 78.Kg4 Kh7 79.Rc7 Kg6 80.Rxf7 Kxf7 81.Kf3 Rb1 82.Kxg3 Rxb4  1/2-1/2

[Event "Hilton Open"]
[Site "Basel SUI"]
[Date "2011.01.01"]
[Round "1.19"]
[White "Milosevic,Go"]
[Black "Heinis,V"]
[Result "1/2-1/2"]
[WhiteElo "2357"]
[BlackElo "2097"]

1.e4 e6 2.d4 d5 3.Nd2 Nc6 4.Ngf3 Nf6 5.e5 Nd7 6.Bb5 a6 7.Be2 f6 8.exf6 Qxf6
9.Nf1 Bd6 10.Ng3 O-O 11.O-O h6 12.c4 dxc4 13.Ne4 Qe7 14.Nxd6 Qxd6 15.Bxc4 b5
16.Bb3 Bb7 17.Re1 Rae8 18.Qe2 Nxd4 19.Nxd4 Qxd4 20.Rd1 Qe5 21.Qe3 Bd5 22.f4 Qh5
23.Bd2 c5 24.Qg3 b4 25.Be3 Nf6 26.Bc2 Rc8 27.h3 Be4 28.Rdc1 Qf5 29.Bb3 Nd5
30.Bxc5 Rf6 31.Qg4 Rg6 32.Qxf5 Rxg2+ 33.Kf1 exf5 34.Bf2 Rxc1+ 35.Rxc1 Kh7  1/2-1/2

[Event "Hilton Open"]
[Site "Basel SUI"]
[Date "2011.01.01"]
[Round "1.25"]
[White "Sand,R"]
[Black "Lutz,B"]
[Result "1/2-1/2"]
[WhiteElo "2033"]
[BlackElo "2292"]

1.e4 e6 2.d4 d5 3.Nd2 Be7 4.Bd3 c5 5.dxc5 Nf6 6.Qe2 O-O 7.Ngf3 a5 8.O-O Na6
9.exd5 Qxd5 10.Ne4 Nb4 11.Nxf6+ Bxf6 12.Be4 Qxc5 13.Be3 Qc7 14.c3 Nc6 15.Rfd1 e5
16.Bc5 Re8 17.Qe3 Be6 18.Bd6 Qc8 19.b3 Bf5 20.Qd3 Bxe4 21.Qxe4 Qe6 22.Bc5 Be7
23.Bxe7 Qxe7 24.Rd5 Rad8 25.Rad1 Rxd5 26.Rxd5 Qa3 27.Qc2 Rc8 28.h3 g6 29.Qd2 Re8
30.Rd7 Re7  1/2-1/2